Largest Malls In America - Statistics

General Stats
  • This quiz has been taken 54 times
  • The average score is 4 of 20
Answer Stats
State/Territory Retail Space Answer % Correct
Minnesota 4,870,000 The Mall Of America
98%
Pennsylvania 2,900,000 King of Prussia Mall
44%
Colorado 2,700,000 South Coast Plaza
28%
Florida 2,700,000 Aventura Mall
26%
New York 2,245,000 Roosevelt Field
23%
Texas 2,400,000 The Galleria
23%
Hawaii 2,400,000 Ala Moana Center
21%
Illinois 2,018,000 Oakbrook Center
21%
Florida 2,384,000 Sawgrass Mills
21%
Illinois 2,224,000 Woodfield Mall
21%
Virginia 2,200,000 Tysons Corner Center
19%
New Jersey 2,132,000 Westfield Garden State Plaza
19%
New York 2,450,000 Destiny USA
16%
California 2,600,000 Del Amo Fashion Center
14%
Arizona 2,049,000 Scottsdale Fashion Square
14%
Pennsylvania 2,200,000 Millcreek Mall
9%
Massachusetts 2,165,000 South Shore Plaza
9%
New York 2,217,000 Palisades Center
7%
Puerto Rico 2,173,000 Plaza Las Américas
7%
California 2,093,000 Lakewood Center
5%
No matching quizzes found
Score Distribution
Percent of People with Each Score
Percentile by Number Answered
Your Score History
You have not taken this quiz